Exploring english teachers' perceptions of task-based language teaching in Ca Mau high school : Luận văn thạc sĩ: Chuyên ngành : Lý luận và phương pháp giảng dạy tiếng anh

Đề tài nghiên cứu tìm hiểu sự hiểu biết của giáo viên về việc dạy ngôn ngữ bằng thủ thuật giao việc ở các trường phổ thông Cà Mau.

Shranjeno v:
Bibliografske podrobnosti
Glavni avtor: Nguyễn, Bích Vân
Format: Knjiga
Jezik:Undetermined
Izdano: Cần Thơ Trường Đại học Cần Thơ 2008
Teme:
Oznake: Označite
Brez oznak, prvi označite!
Thư viện lưu trữ: Trung tâm Học liệu Trường Đại học Cần Thơ
LEADER 01074nam a2200229Ia 4500
001 CTU_139464
008 210402s9999 xx 000 0 und d
082 |a 420.7 
082 |b V121 
088 |a 60140111 
100 |a Nguyễn, Bích Vân 
245 0 |a Exploring english teachers' perceptions of task-based language teaching in Ca Mau high school : 
245 0 |b Luận văn thạc sĩ: Chuyên ngành : Lý luận và phương pháp giảng dạy tiếng anh 
245 0 |c Nguyễn Bích Vân 
260 |a Cần Thơ 
260 |b Trường Đại học Cần Thơ 
260 |c 2008 
520 |a Đề tài nghiên cứu tìm hiểu sự hiểu biết của giáo viên về việc dạy ngôn ngữ bằng thủ thuật giao việc ở các trường phổ thông Cà Mau. 
650 |a Anh ngữ,English language 
650 |x Dạy và học,Nghiên cứu giảng dạy,Study and teaching,Research 
904 |i Năm 
980 |a Trung tâm Học liệu Trường Đại học Cần Thơ